| 000 | 01095cam a2200337 i 4500 | ||
|---|---|---|---|
| 999 |
_c200444999 _d63211 |
||
| 003 | TR-AnTOB | ||
| 005 | 20230615001432.0 | ||
| 007 | ta | ||
| 008 | 060717s2007 tu o b 000 0 tur d | ||
| 020 | _a975297659X | ||
| 020 | _a9789752976597 | ||
| 040 |
_aTVV _beng _erda _cTVV _dSULEY _dTR-AnTOB |
||
| 041 | 0 | _atur | |
| 050 | 0 | 0 |
_aDR435.A7 _bK86 2007 |
| 090 |
_aDR435.A7 _bK86 2007 |
||
| 100 | 1 |
_aKundakçı, Hasan, _d1937- _9119411 _eauthor |
|
| 245 | 1 | 0 |
_aEmperyalizmin maşası Ermeniler / _cHasan Kundakçı. |
| 250 | _a2. basım Nisan 2007 | ||
| 264 | 1 |
_aİstanbul: _bAlfa Yayınları, _c2007. |
|
| 300 |
_axvii, 310 pages: _bphotographs ; _c23 cm |
||
| 336 |
_2rdacontent _atext _btxt |
||
| 337 |
_2rdamedia _aunmediated _bn |
||
| 338 |
_2rdacarrier _avolume _bnc |
||
| 490 | 0 |
_aAlfa yayınları ; _v1689 _aSiyaset-Sosyoloji ; _v77 |
|
| 504 | _aIncludes bibliographical references. | ||
| 650 | 0 | 0 |
_aErmeniler _zTürkiye _xTarih _97858 |
| 650 | 0 | 0 |
_aErmeni sorunu _96430 |
| 651 | 0 |
_aTürkiye _xTarih _yKurtuluş Savaşı, 1918-1923 _910811 |
|
| 942 |
_2lcc _cBK |
||